| 000 | 00844nas a2200265 4500 | ||
|---|---|---|---|
| 001 | BR8600275 | ||
| 003 | BR-BrBNA | ||
| 005 | 20231205090316.0 | ||
| 007 | ta | ||
| 008 | 230509b bl.|||p| |||| 00| 00por d | ||
| 040 |
_aBR-BrBNA _bpor _cBiblioteca Nacional de Agricultura |
||
| 041 | _a(Pt) | ||
| 072 | _aF08; F01 | ||
| 100 | 1 | _aSouza Filho, B.F. de | |
| 100 | 1 | _aAndrade, M.J.B. de | |
| 245 | 1 | _aSistemas de producao de feijao em consorcio com a cana-de-acucar | |
| 246 | 1 | _aBean production system in intercropping with sugarcane | |
| 650 | _aFEIJAO | ||
| 650 | _aCANA DE ACUCAR | ||
| 650 | _aCONSORCIACAO DE CULTURA | ||
| 650 | _aSEMEADURA | ||
| 773 | 0 |
_tPesquisa Agropecuaria Brasileira (Brazil) _xISSN 0100-204X _g(Mar 1985), v. 20(3) p. 343-348 _wBR8600275 |
|
| 909 |
_a202311 _bLúcia _c55 _dLúcia Elande |
||
| 942 |
_2AGRIS _n0 _cANA |
||
| 999 |
_c117526 _d117526 |
||